000 00651cam a2200205 4500
008 090401t1989 xxu||||| |||| 00| 0 eng d
020 _a0729209156
035 _a(Sirsi) u11645
041 _aeng
050 _a338.4769
110 _aConstruction Industry Sector Group
_91655
245 _aPromoting productivity in the construction industry
260 _aLondon
_bNational Economic Development Office
_c1989
300 _avi,82p. ; 21cm.
350 _a26
520 _aDescribes the NEDO Productivity Measurement System developed by the NEDO Productivity Working Party .
650 _aBUILDING INDUSTRY
942 _n0
948 _c04/03/1997
999 _c86885
_d86885